[Event "ODJM B 2018"]
[Site "Willingen GER"]
[Date "2018.05.23"]
[Round "6"]
[White "Schulze, Lukas"]
[Black "Waligora, Franciszek"]
[Result "0-1"]
[Termination "normal"]
[Board "45"]
[WhiteElo "1502"]
[BlackElo "1374"]
[PlyCount "70"]
[WhiteFideId "12956856"]
[BlackFideId "4005120"]
[EventCountry "GER"]
[EventRounds "9"]
[EventType "swiss"]
[EventDate "2018.05.19"]

1. Nf3 d5 2. c4 e6 3. g3 Nf6 4. Bg2 Bd6 5. d4 c5 6. O-O O-O 7. Qc2 Qc7 8. Nbd2
Na6 9. a3 Bd7 10. e4 dxe4 11. Nxe4 Nxe4 12. Qxe4 f6 13. Rd1 Rfe8 14. Bh3 Rad8
15. Be3 cxd4 16. Nxd4 Nc5 17. Qc2 a6 18. b4 Ba4 19. Qc3 Bxd1 20. Rxd1 Nd7 21.
c5 Bf8 22. Bf4 Ne5 23. Re1 Qd7 24. Bxe5 fxe5 25. Nf3 Qd3 26. Qb2 Qb5 27. Nxe5
Bxc5 28. Qa2 Bd4 29. Nf3 Bc3 30. Rxe6 Kf8 31. Rxe8+ Rxe8 32. Qc2 Bf6 33. Qxh7
Qe2 34. Qb1 Rd8 35. Qe1 Rd1 0-1

[Event "ODJM B 2018"]
[Site "Willingen GER"]
[Date "2018.05.23"]
[Round "6"]
[White "Svane, Freja"]
[Black "Schilay, Maria"]
[Result "1-0"]
[Termination "normal"]
[Board "46"]
[WhiteElo "1622"]
[BlackElo "1354"]
[PlyCount "53"]
[WhiteFideId "12940100"]
[BlackFideId "12942979"]
[EventCountry "GER"]
[EventRounds "9"]
[EventType "swiss"]
[EventDate "2018.05.19"]

1. d4 d5 2. Nf3 e6 3. Bf4 Nf6 4. c3 c5 5. e3 Nc6 6. Bd3 Bd7 7. h3 h6 8. O-O c4
9. Bc2 Be7 10. Nbd2 O-O 11. Qe2 b5 12. e4 Re8 13. e5 Nh7 14. g3 Ng5 15. h4 Nh3+
16. Kh2 Nxf4 17. gxf4 Bxh4 18. Rg1 Kh8 19. Rg4 Be7 20. Rag1 Rg8 21. Ng5 Qf8 22.
Bh7 hxg5 23. Rh4 g6 24. Bxg6+ Kg7 25. Qh5 Rh8 26. Bh7 f6 27. Qg6# 1-0

[Event "ODJM B 2018"]
[Site "Willingen GER"]
[Date "2018.05.23"]
[Round "6"]
[White "Eulitz, Charlotte"]
[Black "Seliokaite, Ana"]
[Result "1/2-1/2"]
[Termination "normal"]
[Board "47"]
[WhiteElo "1547"]
[BlackElo "1305"]
[PlyCount "84"]
[WhiteFideId "12964654"]
[BlackFideId "16224817"]
[EventCountry "GER"]
[EventRounds "9"]
[EventType "swiss"]
[EventDate "2018.05.19"]

1. e4 c5 2. b3 Nf6 3. Nc3 Nc6 4. Bb2 g6 5. Nf3 Bg7 6. Nd5 O-O 7. Nxf6+ exf6 8.
Be2 d5 9. exd5 Qxd5 10. O-O b6 11. Re1 Bb7 12. Bd3 Rfe8 13. Re3 Nd4 14. Be2
Rad8 15. Rc1 Bh6 16. Bxd4 cxd4 17. Rxe8+ Rxe8 18. Bc4 Qc5 19. c3 Bxf3 20. Qxf3
Bxd2 21. cxd4 Qxd4 22. Rd1 Re1+ 23. Rxe1 Bxe1 24. g3 Qd7 25. Qxf6 Bb4 26. Qf3
Kg7 27. Kg2 g5 28. Qe4 f6 29. Bd3 f5 30. Qe5+ Kg6 31. Qe3 Qd5+ 32. Kg1 Bc5 33.
Qe2 h5 34. Bc4 Qe4 35. Bd3 Qxe2 36. Bxe2 g4 37. Kg2 Kg5 38. f4+ Kf6 39. Bc4 a5
40. h3 Kg7 41. hxg4 hxg4 42. Be6 Kf6 1/2-1/2

[Event "ODJM B 2018"]
[Site "Willingen GER"]
[Date "2018.05.23"]
[Round "6"]
[White "Kieselbach, Marvin"]
[Black "Schelhorn, Paul"]
[Result "1-0"]
[Termination "normal"]
[Board "49"]
[WhiteElo "1440"]
[BlackElo "1759"]
[PlyCount "87"]
[WhiteFideId "16235770"]
[BlackFideId "12964077"]
[EventCountry "GER"]
[EventRounds "9"]
[EventType "swiss"]
[EventDate "2018.05.19"]

1. d4 d5 2. e3 c5 3. Nf3 Nf6 4. c3 e6 5. Bd3 c4 6. Bc2 Bd7 7. O-O Bd6 8. Nbd2
a6 9. Ne5 Qc7 10. f4 Nc6 11. Rf3 b5 12. a3 Ne7 13. Rh3 Bc6 14. Qf3 g6 15. g4
Nd7 16. Rg3 f6 17. Nxd7 Kxd7 18. Rg2 e5 19. g5 fxg5 20. fxe5 Bxe5 21. Qg4+ Ke8
22. dxe5 d4 23. Be4 dxe3 24. Nf3 h5 25. Bxc6+ Qxc6 26. Qg3 Nf5 27. Qh3 e2 28.
Bxg5 Qe4 29. Re1 Qd5 30. Rexe2 Rf8 31. Bf6 Qc5+ 32. Kh1 Rg8 33. Rxg6 Rxg6 34.
Qxh5 Nh4 35. Bxh4 Qc6 36. Bf6 Kf7 37. Rg2 Rag8 38. Qh7+ R8g7 39. Bxg7 Rxg7 40.
Qf5+ Ke8 41. Rxg7 Qd5 42. Qc8+ Qd8 43. Rg8+ Kf7 44. Qxd8 1-0

[Event "ODJM B 2018"]
[Site "Willingen GER"]
[Date "2018.05.23"]
[Round "6"]
[White "Bardorz, Stefan"]
[Black "Reuter, Max"]
[Result "0-1"]
[Termination "normal"]
[Board "50"]
[WhiteElo "1714"]
[BlackElo "1518"]
[PlyCount "52"]
[WhiteFideId "16245474"]
[BlackFideId "16263715"]
[EventCountry "GER"]
[EventRounds "9"]
[EventType "swiss"]
[EventDate "2018.05.19"]

1. c4 e5 2. g3 Nc6 3. Nc3 Bc5 4. Bg2 f5 5. d3 Nf6 6. a3 a5 7. Bd2 d6 8. e3 O-O
9. Nge2 Qe8 10. O-O Qh5 11. Na4 Ba7 12. Nc1 Qg6 13. b4 axb4 14. axb4 h5 15. b5
Nd8 16. Nc3 f4 17. b6 Bg4 18. Qe1 f3 19. Bh1 Ne6 20. bxa7 h4 21. e4 Nh7 22. Qd1
hxg3 23. hxg3 Nhg5 24. Bxg5 Nxg5 25. Re1 Qh5 26. Nd5 Kf7 0-1

[Event "ODJM B 2018"]
[Site "Willingen GER"]
[Date "2018.05.23"]
[Round "6"]
[White "Götz, Timon"]
[Black "Chlechowitz, Maximilian"]
[Result "1/2-1/2"]
[Termination "normal"]
[Board "51"]
[WhiteElo "1413"]
[BlackElo "1622"]
[PlyCount "60"]
[WhiteFideId "16245040"]
[BlackFideId "16222571"]
[EventCountry "GER"]
[EventRounds "9"]
[EventType "swiss"]
[EventDate "2018.05.19"]

1. c4 e5 2. Nf3 Nc6 3. e3 d6 4. d3 g6 5. b3 Bg7 6. Bb2 f5 7. Nbd2 Nf6 8. Be2
O-O 9. a3 h6 10. Qc2 Kh7 11. h4 Kg8 12. b4 Qe7 13. O-O Nd8 14. Rfe1 Nf7 15. e4
f4 16. d4 g5 17. hxg5 hxg5 18. Nf1 Kh7 19. Rad1 Rh8 20. N3h2 g4 21. Rd3 Kg8 22.
Bd1 Nh6 23. c5 Nh5 24. cxd6 cxd6 25. dxe5 dxe5 26. Qd2 Be6 27. Bb3 Re8 28. Rd7
Qf6 29. Bxe6+ Rxe6 30. Qd5 Kh7 1/2-1/2

[Event "ODJM B 2018"]
[Site "Willingen GER"]
[Date "2018.05.23"]
[Round "6"]
[White "Riegler, Moritz"]
[Black "Johlke, Lorenz"]
[Result "1-0"]
[Termination "normal"]
[Board "52"]
[WhiteElo "1606"]
[BlackElo "1456"]
[PlyCount "101"]
[WhiteFideId "16266030"]
[BlackFideId "16252853"]
[EventCountry "GER"]
[EventRounds "9"]
[EventType "swiss"]
[EventDate "2018.05.19"]

1. e4 c5 2. Nf3 e6 3. d4 cxd4 4. Nxd4 a6 5. Nc3 Bb4 6. Bd3 Nf6 7. O-O d6 8. Kh1
O-O 9. f4 e5 10. Nb3 Nbd7 11. fxe5 dxe5 12. Nd5 Nxd5 13. exd5 Nc5 14. Nxc5 Bxc5
15. Qh5 g6 16. Qxe5 Bd6 17. Qc3 Qh4 18. g3 Bxg3 19. Qd2 Re8 20. Qh6 Qxh6 21.
Bxh6 Bd6 22. Rae1 Bg4 23. Kg2 Re5 24. Rxe5 Bxe5 25. b3 Rd8 26. c4 b5 27. cxb5
Rxd5 28. Bc4 Rd7 29. Re1 Re7 30. Bf4 Bf6 31. Rxe7 Bxe7 32. bxa6 Bc5 33. Bb8 Bc8
34. Be2 f5 35. a7 Bxa7 36. Bxa7 Kf7 37. Bc4+ Kf6 38. Bd4+ Kg5 39. a4 Kf4 40. a5
Bb7+ 41. Kf2 Ke4 42. Bc5 g5 43. a6 Ba8 44. b4 h5 45. b5 Kf4 46. b6 g4 47. b7
Bxb7 48. axb7 h4 49. b8=Q+ Kg5 50. Be7+ Kg6 51. Qg8+ 1-0

[Event "ODJM B 2018"]
[Site "Willingen GER"]
[Date "2018.05.23"]
[Round "6"]
[White "Mainka, Alwin"]
[Black "Graf, Maria"]
[Result "1/2-1/2"]
[Termination "normal"]
[Board "53"]
[WhiteElo "1608"]
[BlackElo "1537"]
[PlyCount "154"]
[WhiteFideId "16241177"]
[BlackFideId "12917702"]
[EventCountry "GER"]
[EventRounds "9"]
[EventType "swiss"]
[EventDate "2018.05.19"]

1. e4 d5 2. exd5 Qxd5 3. Nc3 Qa5 4. d4 c6 5. Nf3 Bg4 6. Be2 Nf6 7. O-O e6 8.
Re1 Bd6 9. Bg5 Nbd7 10. Bd2 Qc7 11. h3 Bh5 12. Ng5 Bg6 13. Bf3 O-O 14. Nge4 Be7
15. Qe2 Rfe8 16. Rad1 Nd5 17. Bc1 Rad8 18. Ng3 Bb4 19. Nxd5 cxd5 20. c3 Be7 21.
Bh5 Nf6 22. Bxg6 hxg6 23. Qd3 Bd6 24. Nf1 Kf8 25. Bg5 Rc8 26. Bxf6 gxf6 27. Qf3
Kg7 28. Re2 Rh8 29. Ne3 Rh5 30. Ng4 Rf5 31. Qe3 Rh8 32. Rc2 Rg5 33. Qf3 Rf5 34.
Qe2 Rh4 35. c4 dxc4 36. Rxc4 Qb6 37. b3 Rd5 38. Ne3 Rdxd4 39. Rd2 Rhe4 40. Qd1
Be5 41. Rd3 a6 42. Qd2 Qa7 43. Rc2 b5 44. Qd1 Bf4 45. Nf1 Qd7 46. Rxd4 Rxd4 47.
Qf3 Be5 48. g3 Rd1 49. Kg2 Rd3 50. Qe2 Qd6 51. Rc1 Rd5 52. Rc2 Qb6 53. Ne3 Rd4
54. Ng4 Qb7+ 55. Kg1 Qd5 56. Ne3 Qb7 57. Ng4 Re4 58. Qd2 Rd4 59. Qe2 Qd5 60.
Ne3 Qd6 61. f4 Bxf4 62. gxf4 Qxf4 63. Qf2 Qe5 64. Re2 Rf4 65. Qg2 Qd4 66. Kh2
Rh4 67. Qf3 Qe5+ 68. Qg3 Qh5 69. Rd2 Re4 70. Rf2 Qc5 71. Ng2 Re5 72. Qh4 Rf5
73. Re2 Qd6+ 74. Qg3 Qd1 75. Qe3 Rf1 76. Ne1 Qd6+ 77. Kg2 Rf5 1/2-1/2

[Event "ODJM B 2018"]
[Site "Willingen GER"]
[Date "2018.05.23"]
[Round "6"]
[White "Becker, Lukas"]
[Black "Toth, Marc"]
[Result "1/2-1/2"]
[Termination "normal"]
[Board "54"]
[WhiteElo "1540"]
[BlackElo "1434"]
[PlyCount "96"]
[BlackFideId "16260210"]
[EventCountry "GER"]
[EventRounds "9"]
[EventType "swiss"]
[EventDate "2018.05.19"]

1. e4 c6 2. d4 d5 3. exd5 cxd5 4. c4 Nf6 5. Nc3 Bf5 6. cxd5 Nxd5 7. Bc4 Nxc3 8.
bxc3 e6 9. Qa4+ Nc6 10. Bb5 Qc7 11. Nf3 Bd6 12. Ba3 O-O 13. Bxd6 Qxd6 14. Bxc6
Qxc6 15. Qxc6 bxc6 16. Ne5 Rac8 17. h3 f6 18. Nf3 c5 19. O-O cxd4 20. cxd4 Rc3
21. Nh4 Rd8 22. Nxf5 exf5 23. Rfd1 Rc4 24. d5 Rc5 25. d6 Rc6 26. Rd5 Rcxd6 27.
Rxf5 Ra6 28. a4 Rd4 29. a5 Rad6 30. Rc5 Rd1+ 31. Rxd1 Rxd1+ 32. Kh2 Rd7 33. g4
g5 34. Kg3 Kg7 35. Kf3 Re7 36. a6 Kg6 37. Rb5 Re6 38. Ra5 Kf7 39. Kg3 Ke7 40.
h4 h6 41. hxg5 hxg5 42. f4 gxf4+ 43. Kxf4 Kd7 44. Kf5 Rd6 45. Kg6 Kc7 46. Ra4
Kb6 47. Kf5 Kb5 48. Ra2 Rc6 1/2-1/2

[Event "ODJM B 2018"]
[Site "Willingen GER"]
[Date "2018.05.23"]
[Round "6"]
[White "Hallfarth, Luise"]
[Black "Kistner, Sinan"]
[Result "0-1"]
[Termination "normal"]
[Board "55"]
[WhiteElo "1425"]
[BlackElo "1552"]
[PlyCount "56"]
[WhiteFideId "16250222"]
[BlackFideId "16219643"]
[EventCountry "GER"]
[EventRounds "9"]
[EventType "swiss"]
[EventDate "2018.05.19"]

1. e4 c6 2. Nf3 d5 3. exd5 cxd5 4. Ne5 Nf6 5. d4 Nbd7 6. f4 Nxe5 7. fxe5 Ne4 8.
c3 e6 9. Bd3 Qh4+ 10. g3 Nxg3 11. hxg3 Qxh1+ 12. Bf1 Bd7 13. Bf4 Bb5 14. Nd2
Be7 15. Qg4 Bxf1 16. Nxf1 Qe4+ 17. Ne3 g5 18. Bxg5 Qxg4 19. Nxg4 Bxg5 20. Ke2
h5 21. Rh1 O-O-O 22. Nf2 h4 23. gxh4 Rxh4 24. Rxh4 Bxh4 25. Nd3 Rg8 26. Kd2
Rg2+ 27. Kc1 Bg5+ 28. Kb1 b6 0-1

[Event "ODJM B 2018"]
[Site "Willingen GER"]
[Date "2018.05.23"]
[Round "6"]
[White "Lorenz, Keana"]
[Black "Hierl, Johannes"]
[Result "1-0"]
[Termination "normal"]
[Board "56"]
[WhiteElo "1439"]
[BlackElo "1355"]
[PlyCount "63"]
[WhiteFideId "12990248"]
[BlackFideId "16235096"]
[EventCountry "GER"]
[EventRounds "9"]
[EventType "swiss"]
[EventDate "2018.05.19"]

1. e4 d6 2. d4 Nf6 3. Nc3 Nbd7 4. Nf3 e5 5. dxe5 dxe5 6. Bc4 Be7 7. Be3 O-O 8.
Qd2 c6 9. a4 a5 10. Nh4 Nxe4 11. Nxe4 Bxh4 12. g3 Be7 13. O-O-O Qc7 14. f4 Rd8
15. Qf2 Rf8 16. h4 Nf6 17. Nxf6+ Bxf6 18. g4 exf4 19. Bxf4 Be5 20. Be3 Qb8 21.
Bxf7+ Kh8 22. Bc5 Be6 23. Bxf8 Qxf8 24. Rhf1 Bxf7 25. Qxf7 Qxf7 26. Rxf7 b5 27.
axb5 cxb5 28. Rd5 Kg8 29. Rf3 Bf6 30. g5 Be7 31. Rxb5 g6 32. c4 1-0

[Event "ODJM B 2018"]
[Site "Willingen GER"]
[Date "2018.05.23"]
[Round "6"]
[White "Färber, Sophie"]
[Black "Maul, Maik"]
[Result "0-1"]
[Termination "normal"]
[Board "57"]
[WhiteElo "1421"]
[BlackElo "1443"]
[PlyCount "34"]
[WhiteFideId "16239121"]
[BlackFideId "16204816"]
[EventCountry "GER"]
[EventRounds "9"]
[EventType "swiss"]
[EventDate "2018.05.19"]

1. e4 d5 2. exd5 Qxd5 3. Nc3 Qa5 4. d4 Nf6 5. Bc4 Bg4 6. f3 Bh5 7. g4 Bg6 8. h4
h5 9. g5 Nfd7 10. Bd2 Qb6 11. Nge2 e6 12. Bb3 Nc6 13. a3 Nxd4 14. Be3 Nxc2+ 15.
Bxc2 Qxe3 16. Ba4 O-O-O 17. f4 Nc5 0-1

[Event "ODJM B 2018"]
[Site "Willingen GER"]
[Date "2018.05.23"]
[Round "6"]
[White "Brunner, Alexander"]
[Black "Frank, Cillian"]
[Result "1-0"]
[Termination "normal"]
[Board "58"]
[WhiteElo "1596"]
[BlackElo "1339"]
[PlyCount "43"]
[WhiteFideId "12965278"]
[BlackFideId "16245202"]
[EventCountry "GER"]
[EventRounds "9"]
[EventType "swiss"]
[EventDate "2018.05.19"]

1. Nc3 c5 2. e4 d6 3. d3 a6 4. Bg5 g6 5. Qd2 Bg7 6. h4 Nc6 7. O-O-O Be6 8. Nge2
b5 9. h5 f6 10. Bf4 g5 11. Bg3 b4 12. Nd5 h6 13. f4 a5 14. d4 c4 15. Ng1 Bg4
16. Nf3 e6 17. Ne3 Bxf3 18. gxf3 d5 19. Bh3 Qd6 20. exd5 exd5 21. Nf5 Qc7 22.
fxg5 1-0

[Event "ODJM B 2018"]
[Site "Willingen GER"]
[Date "2018.05.23"]
[Round "6"]
[White "Ramien, Hannah"]
[Black "Trams, Emma Joe"]
[Result "0-1"]
[Termination "normal"]
[Board "59"]
[WhiteElo "1274"]
[BlackElo "1359"]
[PlyCount "96"]
[WhiteFideId "16209982"]
[BlackFideId "16206517"]
[EventCountry "GER"]
[EventRounds "9"]
[EventType "swiss"]
[EventDate "2018.05.19"]

1. e4 e5 2. Nf3 Nc6 3. Bc4 Nf6 4. d3 h6 5. c3 Be7 6. Nbd2 O-O 7. Bb3 d6 8. h3
Re8 9. Nf1 Bf8 10. Ng3 d5 11. Qe2 dxe4 12. dxe4 b6 13. Nf5 Bb7 14. Bd2 Na5 15.
Bc2 Qc8 16. g4 Nh7 17. O-O-O Qe6 18. Kb1 Nc6 19. Rhg1 a5 20. Bb3 Ba6 21. Qe1
Bc4 22. Bxc4 Qxc4 23. b3 Qd3+ 24. Kb2 Qa6 25. g5 h5 26. g6 Nf6 27. gxf7+ Kxf7
28. Ng5+ Kg8 29. h4 a4 30. Ra1 axb3 31. axb3 Ba3+ 32. Kc2 Rad8 33. Qf1 Qxf1 34.
Raxf1 g6 35. Ng3 Rd6 36. b4 Red8 37. Be3 Ng4 38. Ra1 Nxe3+ 39. fxe3 Rd2+ 40.
Kb3 Bxb4 41. cxb4 R2d3+ 42. Kc2 Nxb4+ 43. Kb2 Rxe3 44. Ra3 Rd2+ 45. Kc1 Rc2+
46. Kd1 Rxa3 47. Ne2 Ra1+ 48. Nc1 Raxc1# 0-1

[Event "ODJM B 2018"]
[Site "Willingen GER"]
[Date "2018.05.23"]
[Round "6"]
[White "Abou Wally, Adrian"]
[Black "Guo, Philipp Ziming"]
[Result "0-1"]
[Termination "normal"]
[Board "60"]
[WhiteElo "1183"]
[BlackElo "1453"]
[PlyCount "70"]
[WhiteFideId "16245113"]
[BlackFideId "16245199"]
[EventCountry "GER"]
[EventRounds "9"]
[EventType "swiss"]
[EventDate "2018.05.19"]

1. e4 e5 2. Nf3 Nc6 3. Bc4 Bc5 4. c3 Nf6 5. d4 exd4 6. cxd4 Bb4+ 7. Nc3 Bxc3+
8. bxc3 O-O 9. e5 Ne4 10. Qd3 d5 11. exd6 Nxd6 12. Bb3 Bf5 13. Qd1 Re8+ 14. Be3
Qf6 15. h3 Ne4 16. Qc1 h6 17. O-O Bxh3 18. gxh3 Qxf3 19. Kh2 Qf6 20. Rg1 Kh8
21. Rg2 Ne7 22. Qc2 Nd6 23. Rag1 Rg8 24. d5 Nef5 25. Bc1 Nh4 26. Qd3 Nf3+ 27.
Kh1 Nxg1 28. Kxg1 Rae8 29. Bd2 Qf5 30. Qd4 Re4 31. Qxa7 Qxh3 32. Rg3 Rg4 33.
Rxg4 Qxg4+ 34. Kf1 Re8 35. Qc5 Qe2+ 0-1

[Event "ODJM B 2018"]
[Site "Willingen GER"]
[Date "2018.05.24"]
[Round "7"]
[White "Brunner, Tobias"]
[Black "Pauls, Fynn"]
[Result "1-0"]
[Termination "normal"]
[Board "1"]
[WhiteElo "1919"]
[BlackElo "1789"]
[WhiteClock "01:17:15"]
[BlackClock "00:30:07"]
[PlyCount "91"]
[WhiteFideId "12949833"]
[BlackFideId "16213149"]
[EventCountry "GER"]
[EventRounds "9"]
[EventType "swiss"]
[EventDate "2018.05.19"]

1. e4 {[%clk 1:30:57]} 1... e5 {[%clk 1:30:56]} 2. Nf3 {[%clk 1:31:23]} 2...
Nc6 {[%clk 1:31:24]} 3. Bc4 {[%clk 1:31:48]} 3... Bc5 {[%clk 1:31:49]} 4. Nc3 {
[%clk 1:31:52]} 4... Nf6 {[%clk 1:32:00]} 5. d3 {[%clk 1:32:16]} 5... a6 {
[%clk 1:31:58]} 6. Bg5 {[%clk 1:31:15]} 6... h6 {[%clk 1:31:53]} 7. Bh4 { [%clk
1:31:40]} 7... g5 {[%clk 1:31:55]} 8. Bg3 {[%clk 1:32:01]} 8... d6 { [%clk
1:32:12]} 9. h4 {[%clk 1:30:54]} 9... g4 {[%clk 1:27:01]} 10. Nh2 { [%clk
1:30:48]} 10... Rg8 {[%clk 1:00:55]} 11. Qd2 {[%clk 1:28:00]} 11... h5 { [%clk
1:00:26]} 12. O-O-O {[%clk 1:27:27]} 12... Qe7 {[%clk 1:00:20]} 13. Nd5 { [%clk
1:23:26]} 13... Nxd5 {[%clk 0:59:28]} 14. Bxd5 {[%clk 1:23:50]} 14... Be6
{[%clk 0:55:09]} 15. Qh6 {[%clk 1:22:00]} 15... Nb4 {[%clk 0:39:00]} 16. Qxh5 {
[%clk 1:08:09]} 16... c6 {[%clk 0:32:41]} 17. Bb3 {[%clk 1:05:48]} 17... a5 {
[%clk 0:29:02]} 18. Qh7 {[%clk 1:01:46]} 18... Kd7 19. Bxe6+ {[%clk 1:00:18]}
19... Qxe6 {[%clk 0:27:03]} 20. a3 {[%clk 1:00:11]} 20... Na6 {[%clk 0:22:06]}
21. Qf5 21... Nc7 {[%clk 0:20:44]} 22. Qxe6+ {[%clk 0:59:21]} 22... Nxe6 {
[%clk 0:21:08]} 23. c3 {[%clk 0:59:35]} 23... Rg7 {[%clk 0:18:53]} 24. Nf1 {
[%clk 0:56:49]} 24... Nf4 {[%clk 0:17:32]} 25. d4 {[%clk 0:55:42]} 25... Ne2+ {
[%clk 0:16:37]} 26. Kd2 {[%clk 0:54:42]} 26... Nxg3 {[%clk 0:16:19]} 27. Nxg3 {
[%clk 0:55:12]} 27... exd4 {[%clk 0:16:07]} 28. Nf5 {[%clk 0:55:27]} 28... Rh7
{[%clk 0:15:37]} 29. cxd4 {[%clk 0:55:37]} 29... Bb6 {[%clk 0:15:52]} 30. Ke3 {
[%clk 0:53:31]} 30... Rg8 {[%clk 0:11:10]} 31. Rd3 {[%clk 0:51:10]} 31... Bd8 {
[%clk 0:08:57]} 32. g3 {[%clk 0:50:04]} 32... Ke6 {[%clk 0:08:34]} 33. d5+ {
[%clk 0:50:05]} 33... cxd5 {[%clk 0:06:25]} 34. Rxd5 {[%clk 0:50:24]} 34...
Bb6+ {[%clk 0:04:12]} 35. Kf4 {[%clk 0:48:34]} 35... Rd8 {[%clk 0:03:22]} 36.
Rhd1 {[%clk 0:45:42]} 36... Bc7 {[%clk 0:03:21]} 37. Kxg4 {[%clk 0:46:02]}
37... Rhh8 {[%clk 0:02:52]} 38. Nd4+ {[%clk 0:46:17]} 38... Ke7 {[%clk 0:02:55]
} 39. Rb5 {[%clk 0:45:56]} 39... Rhg8+ {[%clk 0:02:37]} 40. Kh3 {[%clk 0:46:05]
} 40... Rb8 {[%clk 0:02:45]} 41. Rc1 {[%clk 0:46:24]} 41... Kd7 {[%clk 0:02:41]
} 42. Rf5 {[%clk 0:46:09]} 42... Rgf8 {[%clk 0:02:28]} 43. Nb5 {[%clk 0:46:15]}
43... Bd8 {[%clk 0:01:22]} 44. Rd1 {[%clk 0:46:30]} 44... Be7 {[%clk 0:00:45]}
45. Rfd5 {[%clk 0:46:39]} 45... Kc6 {[%clk 0:30:07]} 46. Nxd6 {[%clk 1:17:15]}
1-0